Tribhuvan University Central Library

Corporate dividend behaviour in Nepal (Record no. 56951)

MARC details
000 -LEADER
fixed length control field 00542 a2200193 4500
041 ## - LANGUAGE CODE
Language code of text/sound track or separate title Eng.
082 ## - DEWEY DECIMAL CLASSIFICATION NUMBER
Classification number 658.155
Item number Ar96c
100 ## - MAIN ENTRY--PERSONAL NAME
Personal name Aryal, Khimananda
9 (RLIN) 15649
245 ## - TITLE STATEMENT
Title Corporate dividend behaviour in Nepal
260 ## - PUBLICATION, DISTRIBUTION, ETC.
Place of publication, distribution, etc. Kathmandu
Date of publication, distribution, etc. 2009
300 ## - PHYSICAL DESCRIPTION
Extent 158p. illus.
502 ## - DISSERTATION NOTE
Dissertation note Thesis
Degree type M. Phil. in Management
Name of granting institution Tribhuvan University
504 ## - BIBLIOGRAPHY, ETC. NOTE
Bibliography, etc. note Bibliography: p. 138-150
650 ## - SUBJECT ADDED ENTRY--TOPICAL TERM
Topical term or geographic name entry element Dividend
9 (RLIN) 10516
650 ## - SUBJECT ADDED ENTRY--TOPICAL TERM
Topical term or geographic name entry element Banks and banking
9 (RLIN) 3067
650 ## - SUBJECT ADDED ENTRY--TOPICAL TERM
Topical term or geographic name entry element Stock exchange
9 (RLIN) 5085
653 ## - INDEX TERM--UNCONTROLLED
Uncontrolled term Capital management
942 ## - ADDED ENTRY ELEMENTS (KOHA)
Source of classification or shelving scheme Dewey Decimal Classification
Koha item type Theses and Dissertations
Holdings
Withdrawn status Lost status Source of classification or shelving scheme Damaged status Not for loan Home library Current library Date acquired Total Checkouts Full call number Barcode Date last seen Price effective from Koha item type
    Dewey Decimal Classification     Tribhuvan University Central Library Tribhuvan University Central Library 02/10/2011   658.155 Ar96c D13355 02/10/2011 02/10/2011 Theses and Dissertations